| 000 | 00502nam a2200181Ia 4500 | ||
|---|---|---|---|
| 005 | 20250610155941.0 | ||
| 008 | 008 250516s9999 xx 000 0 eng d | ||
| 020 | _a9789361315503 | ||
| 040 |
_beng _cSDCL |
||
| 041 |
_aeng _2eng |
||
| 084 | _aW7:2 R4 | ||
| 100 |
_aQvortrup, Matt _9812495 |
||
| 245 | 0 | _aReferendum and other essays on constitutional politics | |
| 260 |
_aNew Delhi : _bBloomsbury, _c2024. |
||
| 300 | _aix, 205p. | ||
| 650 |
_aPolitical Science _9812496 |
||
| 942 |
_cTEXL _2CC |
||
| 999 |
_c1430059 _d1430059 |
||